'M' Television Characters Quiz Stats

 Plays Quiz Updated Aug 22, 2016

Challenge
Share
Tweet
Score 0/20 Timer 05:00
3 Plays Today
% Correct
Monica Geller
94.1%
Marge Simpson
92.3%
Malcolm Wilkerson
91.8%
Michael Scott
82.9%
Marcia Brady
76.2%
Molly Flynn
73.8%
Marshall Eriksen
63.8%
Mary Richards
60.8%
Mike Stivic
52.3%
Meredith Grey
51.1%
% Correct
Mitchell Pritchett
49.4%
Marie Barone
48.9%
Martin Crane
40.4%
Mark Brendanawicz
37%
Mycroft Holmes
28.3%
Mercedes Jones
26.6%
Matt Murdock
26.5%
Maeby Fünke
25.9%
Marissa Cooper
24.4%
Malory Archer
14.7%

You're not logged in!

Compare scores with friends on all Sporcle quizzes.
OR
Log In

You Might Also Like...

Show Comments

Extras

Top Quizzes Today


Score Distribution

Your Account Isn't Verified!

In order to create a playlist on Sporcle, you need to verify the email address you used during registration. Go to your Sporcle Settings to finish the process.

Report this User

Report this user for behavior that violates our Community Guidelines.

Details: